UITU Library & LRC     

Electricity and Magnetism (In SI Units) (Record no. 13813)

MARC details
000 -LEADER
fixed length control field 00509nam a2200181Ia 4500
008 - FIXED-LENGTH DATA ELEMENTS--GENERAL INFORMATION
fixed length control field 240925s9999 xx 000 0 und d
020 ## - INTERNATIONAL STANDARD BOOK NUMBER
International Standard Book Number 9780070702141
082 ## - DEWEY DECIMAL CLASSIFICATION NUMBER
Classification number 537 PUR
100 ## - MAIN ENTRY--PERSONAL NAME
Personal name Purcell, Edward M.
245 #0 - TITLE STATEMENT
Title Electricity and Magnetism (In SI Units)
250 ## - EDITION STATEMENT
Edition statement 2nd
260 ## - PUBLICATION, DISTRIBUTION, ETC.
Place of publication, distribution, etc. New Delhi:
Name of publisher, distributor, etc. McGraw Hill Education (India) Private Limited
Date of publication, distribution, etc. ,2013.
300 ## - PHYSICAL DESCRIPTION
Extent 614p.
Other physical details 0
Type of unit Original
500 ## - GENERAL NOTE
General note Includes Index
600 ## - SUBJECT ADDED ENTRY--PERSONAL NAME
Personal name Humanities & Natural Science
650 ## - SUBJECT ADDED ENTRY--TOPICAL TERM
Topical term or geographic name entry element Physics
942 ## - ADDED ENTRY ELEMENTS (KOHA)
Koha item type Books
Holdings
Withdrawn status Lost status Damaged status Not for loan Collection Home library Current library Date acquired Source of acquisition Cost, normal purchase price Total checkouts Full call number Barcode Date due Date last seen Date last checked out Price effective from Koha item type
        Humanities & Basic Sciences UITU Library UITU Library 05/22/2017 Book World International 1010.00 1 537 PUR Q11314 05/07/2026 10/29/2025 10/29/2025 09/25/2024 Books

Powered by Koha